| Tag |
First Indicator |
Second Indicator |
Subfields |
| LEADER |
00000cam a2200000 a 4500 |
| 001 |
in00000069737 |
| 005 |
20151008054545.0 |
| 008 |
771104c19761974mx 00010 spa d |
| 035 |
|
|
|a (OCoLC)03392764
|
| 035 |
|
|
|9 AAJ1009AM
|
| 040 |
|
|
|a FDA
|c FDA
|d TXA
|d UtOrBLW
|
| 049 |
|
|
|a TXAM
|c [1481799]
|
| 090 |
|
|
|a PQ6605.A67
|b P3 1976
|
| 100 |
0 |
|
|a León Felipe,
|d 1884-1968.
|
| 245 |
1 |
3 |
|a El payaso de las bofetadas y el pescador de Cana /
|c [Leon Felipe].
|
| 250 |
|
|
|a 2a. ed.
|
| 264 |
|
1 |
|a Mexico :
|b Finisterre Editores,
|c 1976
|
| 264 |
|
4 |
|c ©1974
|
| 300 |
|
|
|a 86 pages ;
|c 17 cm.
|
| 336 |
|
|
|a text
|b txt
|2 rdacontent
|
| 337 |
|
|
|a unmediated
|b n
|2 rdamedia
|
| 338 |
|
|
|a volume
|b nc
|2 rdacarrier
|
| 490 |
1 |
|
|a Coleccion Leon Felipe ;
|v 3
|
| 800 |
0 |
|
|a León Felipe,
|d 1884-1968.
|t Colección León Felipe (Mexico) ;
|v 3.
|
| 999 |
|
|
|a MARS
|
| 999 |
f |
f |
|s 52639339-516d-3a38-b5c2-e6102a738d36
|i fed00e75-91a9-3680-8bbe-8e679a45adab
|t 0
|
| 952 |
f |
f |
|p ric
|a Texas A&M University
|b Rellis Campus
|c Joint Library Facility
|d Remote Storage
|t 0
|e PQ6605.A67 P3 1976
|h Library of Congress classification
|i unmediated -- volume
|m A14806181712
|
| 998 |
f |
f |
|a PQ6605.A67 P3 1976
|t 0
|l Remote Storage
|